[Event "POL-ch Universities"]
[Site "Bydgoszcz"]
[Date "2023.03.11"]
[Round "6"]
[White "Karwowski, Kacper"]
[Black "Demianowicz, Maciej"]
[Result "1-0"]
[WhiteElo "2164"]
[BlackElo "1975"]
[PlyCount "81"]
[EventDate "2023.03.10"]
[EventType "swiss"]
[EventRounds "9"]
[EventCountry "POL"]
[SourceTitle "CBM 213 Extra"]
[Source "ChessBase"]
[SourceDate "2023.05.31"]
[SourceVersion "1"]
[SourceVersionDate "2023.05.31"]
[SourceQuality "1"]

1. e4 c5 2. Nc3 Nc6 3. Nge2 Nf6 4. g3 g6 5. Bg2 Bg7 6. f4 d6 7. 0-0 0-0 8. d3 Rb8 9. Kh1 Bd7 10. a4 Qc8 11. Be3 Bh3 12. Qd2 Bxg2+ 13. Kxg2 a6 14. a5 Rd8 15. h3 Qc7 16. Nd1 Nd7 17. f5 e6 18. Nf4 Re8 19. fxe6 fxe6 20. h4 Nd4 21. Nf2 Nf6 22. Ra4 Qc6 23. b3 d5 24. exd5 Nxd5 25. Nxd5 Qxd5+ 26. Ne4 Rbc8 27. Bxd4 cxd4 28. Rc4 Rc6 29. Qg5 Qxg5 30. Nxg5 Rxc4 31. bxc4 h6 32. Ne4 Be5 33. Rb1 Re7 34. Nc5 Bd6 35. Nxb7 Ba3 36. Rb3 Bc1 37. Nc5 Bd2 38. Rb6 Kf7 39. Rxa6 e5 40. Ne4 Rb7 41. Nd6+ 1-0

[Event "POL-chT 2nd League"]
[Site "Jastrzebia Gora"]
[Date "2022.09.08"]
[Round "6.105"]
[White "Dzierzak, Boguslaw"]
[Black "Demianowicz, Maciej"]
[Result "1-0"]
[WhiteElo "1958"]
[BlackElo "1988"]
[PlyCount "67"]
[EventDate "2022.09.03"]
[EventType "team-swiss"]
[EventRounds "9"]
[EventCountry "POL"]
[SourceTitle "CBM 210 Extra"]
[Source "ChessBase"]
[SourceDate "2022.11.30"]
[SourceVersion "1"]
[SourceVersionDate "2022.11.30"]
[SourceQuality "1"]
[WhiteTeam "Gornik Ledziny"]
[BlackTeam "Zakrzewo Korona"]
[WhiteTeamCountry "POL"]
[BlackTeamCountry "POL"]

1. e4 c5 2. Nf3 Nc6 3. Bb5 Na5 4. 0-0 a6 5. Be2 Nc6 6. d4 cxd4 7. Nxd4 e5 8. Nf5 Nf6 9. Nc3 d6 10. Bg5 Bxf5 11. exf5 Be7 12. Bf3 0-0 13. Bxf6 Bxf6 14. Ne4 Nd4 15. Nxf6+ Qxf6 16. Bxb7 Rab8 17. Bxa6 Rxb2 18. Bd3 Nxf5 19. Bxf5 Qxf5 20. Qxd6 Rxc2 21. a4 Rcc8 22. a5 Rfd8 23. Qb6 Rb8 24. Qc5 Rdc8 25. Qe3 f6 26. Rfc1 Rd8 27. a6 Qd7 28. a7 Ra8 29. h3 Qf7 30. Qb6 h5 31. Rc7 Qg6 32. Rb7 Kh7 33. Qxd8 Rxd8 34. Rb8 1-0

[Event "POL-chT Academic"]
[Site "Chorzow"]
[Date "2022.04.02"]
[Round "3.20"]
[White "Adamczewski, Maciej"]
[Black "Demianowicz, Maciej"]
[Result "0-1"]
[WhiteElo "2056"]
[BlackElo "2020"]
[PlyCount "142"]
[EventDate "2022.04.02"]
[EventType "team-swiss (rapid)"]
[EventRounds "9"]
[EventCountry "POL"]
[SourceTitle "EXT 2024"]
[Source "ChessBase"]
[SourceDate "2023.10.10"]
[SourceVersion "1"]
[SourceVersionDate "2023.10.10"]
[SourceQuality "1"]

1. d4 b5 2. e4 Bb7 3. Nd2 a6 4. c3 d6 5. a4 c6 6. Bd3 Nf6 7. Ne2 Nbd7 8. 0-0 e5 9. Kh1 Be7 10. f4 Qc7 11. Nf3 bxa4 12. Rxa4 c5 13. fxe5 dxe5 14. d5 Nb6 15. Ra2 c4 16. Bc2 0-0 17. Ng3 Bc5 18. h3 Nc8 19. Qe2 Be7 20. Nxe5 Bd6 21. Rxf6 Bxe5 22. Nh5 Ne7 23. Rf1 Ng6 24. Be3 Rfe8 25. Qf2 Rac8 26. g3 Rf8 27. Rd1 Qd6 28. Ra5 Rfe8 29. Kg2 f6 30. Nf4 Qd8 31. Ra4 Qd7 32. Ne6 Bd6 33. Bc5 Ne5 34. Bxd6 Qxd6 35. Rb4 Rb8 36. Rb6 Qd7 37. Nc5 Qc7 38. Nxb7 Rxb7 39. Rxb7 Qxb7 40. Bb1 Rb8 41. Rd2 a5 42. Qc5 Qb6 43. Qxb6 Rxb6 44. Ba2 Kf8 45. Kf1 Ke7 46. Ke2 Kd6 47. Ke3 Kc5 48. g4 a4 49. Rg2 Nd3 50. g5 Nc1 51. gxf6 gxf6 52. Bb1 a3 53. bxa3 Rxb1 54. Rf2 Rb6 55. Rg2 Rb3 56. Rc2 Rb1 57. Kf4 Nd3+ 58. Kf5 Rf1+ 59. Ke6 Re1 60. Kf5 Kd6 61. Rg2 Rf1+ 62. Kg4 Ke5 63. Kh4 Rf4+ 64. Kh5 Rxe4 65. Rg7 Nf4+ 66. Kh6 Nxd5 67. Kxh7 Rh4+ 68. Kg8 Rxh3 69. a4 Rxc3 70. a5 Ra3 71. a6 Rxa6 0-1

[Event "POL-ch Academic"]
[Site "Chorzow"]
[Date "2022.04.02"]
[Round "7"]
[White "Sadzikowski, Daniel"]
[Black "Demianowicz, Maciej"]
[Result "1-0"]
[WhiteElo "2370"]
[BlackElo "2020"]
[PlyCount "113"]
[EventDate "2022.04.01"]
[EventType "swiss (rapid)"]
[EventRounds "9"]
[EventCountry "POL"]
[SourceTitle "EXT 2024"]
[Source "ChessBase"]
[SourceDate "2023.10.10"]
[SourceVersion "1"]
[SourceVersionDate "2023.10.10"]
[SourceQuality "1"]

1. e4 c5 2. Nf3 Nc6 3. Bb5 Na5 4. c3 a6 5. Ba4 c4 6. 0-0 e6 7. Bc2 d6 8. d4 cxd3 9. Qxd3 Be7 10. Rd1 Qc7 11. Bg5 Nf6 12. Na3 b5 13. b4 Nc6 14. Rac1 Bb7 15. Qe2 0-0 16. Bb1 Rac8 17. Bd3 Qb8 18. Nc2 Ne5 19. Nxe5 dxe5 20. Bxf6 Bxf6 21. c4 bxc4 22. Bxc4 Qa8 23. f3 a5 24. b5 Be7 25. a4 Rc7 26. Na1 Rfc8 27. Nb3 Qa7+ 28. Kf1 g6 29. Rc2 Bb4 30. Rdc1 Qb6 31. Bd3 Ba3 32. Rxc7 Rxc7 33. Rxc7 Qxc7 34. Qc2 Qxc2 35. Bxc2 Bb4 36. Ke2 Kf8 37. Nd2 Bxd2 38. Kxd2 Ke7 39. Kc3 Kd6 40. Kc4 f5 41. h4 Bc8 42. g4 h5 43. gxh5 gxh5 44. Bd1 Bb7 45. Bc2 Bc8 46. Bd3 Bd7 47. Bf1 Bc8 48. Be2 Bb7 49. exf5 exf5 50. f4 exf4 51. Bxh5 Ke5 52. Kd3 Bd5 53. b6 Kd6 54. Ke2 Kc6 55. Bf3 Bxf3+ 56. Kxf3 Kxb6 57. h5 1-0

[Event "Kochan Memorial op 19th"]
[Site "Koszalin"]
[Date "2008.08.06"]
[Round "3"]
[White "Demianowicz, Maciej"]
[Black "Ratajczyk, Rafal"]
[Result "1-0"]
[WhiteElo "1968"]
[BlackElo "1880"]
[PlyCount "63"]
[EventDate "2008.08.04"]
[EventType "swiss"]
[EventRounds "9"]
[EventCountry "POL"]
[SourceTitle "CBM 125 Extra"]
[Source "ChessBase"]
[SourceDate "2008.09.01"]
[SourceVersion "1"]
[SourceVersionDate "2008.09.01"]
[SourceQuality "1"]

1. e4 e5 2. Nf3 Nc6 3. c3 Nf6 4. d4 exd4 5. e5 Nd5 6. cxd4 Bb4+ 7. Nbd2 d6 8. Bb5 0-0 9. 0-0 Nce7 10. a3 Ba5 11. exd6 cxd6 12. Ne4 Bf5 13. Ng3 Bd7 14. Bc4 Rc8 15. Qd3 a6 16. Rd1 Nb6 17. Ba2 Bb5 18. Qe4 d5 19. Qh4 Nc4 20. Bb1 Ng6 21. Qh5 f6 22. Nh4 Be8 23. Nxg6 hxg6 24. Bxg6 Bxg6 25. Qxg6 Re8 26. Nf5 Qd7 27. Qg4 Kf8 28. Qg6 Qf7 29. Qxf7+ Kxf7 30. b3 Kg6 31. g4 Nb6 32. b4 1-0

[Event "Kochan Memorial op 19th"]
[Site "Koszalin"]
[Date "2008.08.05"]
[Round "2"]
[White "Malaczek, Mateusz"]
[Black "Demianowicz, Maciej"]
[Result "0-1"]
[WhiteElo "1784"]
[BlackElo "1968"]
[PlyCount "56"]
[EventDate "2008.08.04"]
[EventType "swiss"]
[EventRounds "9"]
[EventCountry "POL"]
[SourceTitle "CBM 125 Extra"]
[Source "ChessBase"]
[SourceDate "2008.09.01"]
[SourceVersion "1"]
[SourceVersionDate "2008.09.01"]
[SourceQuality "1"]

1. e4 c5 2. Nf3 Nc6 3. d4 cxd4 4. Nxd4 Nf6 5. Nc3 e5 6. Ndb5 h6 7. Nd5 Nxd5 8. exd5 a6 9. Nc3 Nd4 10. Be3 Nf5 11. Qf3 g6 12. Bd3 d6 13. 0-0-0 Nxe3 14. fxe3 Bg7 15. h4 h5 16. Rdf1 0-0 17. Ne4 f5 18. Ng5 e4 19. Bxe4 fxe4 20. Qxe4 Rf5 21. Ne6 Qf6 22. Rxf5 gxf5 23. Qd4 Qxe6 24. dxe6 Bxd4 25. exd4 Bxe6 26. b3 b5 27. Re1 Kf7 28. Kd2 Rg8 0-1

[Event "Wroclaw op"]
[Site "Wroclaw"]
[Date "2008.04.28"]
[Round "1"]
[White "Demianowicz, Maciej"]
[Black "Marszalek, Maciej"]
[Result "1/2-1/2"]
[WhiteElo "1993"]
[BlackElo "2379"]
[PlyCount "113"]
[EventDate "2008.04.28"]
[EventType "swiss"]
[EventRounds "9"]
[EventCountry "POL"]
[SourceTitle "CBM 124 Extra"]
[Source "ChessBase"]
[SourceDate "2008.07.03"]
[SourceVersion "1"]
[SourceVersionDate "2008.07.03"]
[SourceQuality "1"]

1. e4 c5 2. Nf3 e6 3. d4 cxd4 4. Nxd4 a6 5. Nc3 Qc7 6. Bd3 Nc6 7. Nf3 Nf6 8. 0-0 d6 9. Qe2 Be7 10. Bd2 0-0 11. Rfe1 Bd7 12. Rad1 Rfd8 13. h3 Rac8 14. Bf4 Ne5 15. a3 Be8 16. Nxe5 dxe5 17. Be3 h6 18. Nb1 Nd7 19. c4 Nb8 20. Nd2 Nc6 21. b4 Nd4 22. Bxd4 Rxd4 23. Nf3 Rdd8 24. c5 a5 25. Bb5 Bc6 26. Bxc6 bxc6 27. Qb2 Bf6 28. Rxd8+ Rxd8 29. Re2 axb4 30. axb4 Qb7 31. Rd2 Rb8 32. Rd6 Be7 33. Rd1 f6 34. Qa2 Kf7 35. Qa4 Qxb4 36. Qxc6 Qxc5 37. Qxc5 Bxc5 38. Ne1 f5 39. exf5 exf5 40. Kf1 Ke6 41. Nd3 Bd4 42. Nf4+ Kd6 43. Ne2 Rb4 44. f4 g5 45. fxe5+ Kxe5 46. Nxd4 Rxd4 47. Re1+ Kf4 48. Kg1 h5 49. Re2 g4 50. Rf2+ Ke4 51. hxg4 fxg4 52. g3 Rd5 53. Rf4+ Ke3 54. Kg2 Rd2+ 55. Kg1 h4 56. Rxg4 Kf3 57. Rf4+ 1/2-1/2

[Event "POL Academic Cup 2nd"]
[Site "Wroclaw"]
[Date "2007.05.03"]
[Round "8"]
[White "Kubicki, Marek"]
[Black "Demianowicz, Maciej"]
[Result "1-0"]
[WhiteElo "2170"]
[BlackElo "1990"]
[PlyCount "45"]
[EventDate "2007.04.28"]
[EventType "swiss"]
[EventRounds "9"]
[EventCountry "POL"]
[SourceTitle "EXT 2011"]
[Source "ChessBase"]
[SourceDate "2010.11.26"]
[SourceVersion "1"]
[SourceVersionDate "2010.11.26"]
[SourceQuality "1"]

1. e4 c5 2. Nc3 g6 3. f4 Bg7 4. Nf3 d6 5. Bb5+ Nd7 6. 0-0 a6 7. Bxd7+ Bxd7 8. d3 Bg4 9. h3 Bxf3 10. Qxf3 Rb8 11. f5 Nf6 12. g4 0-0 13. Kg2 b5 14. Bg5 b4 15. Nd1 a5 16. Rb1 Qd7 17. b3 a4 18. Ne3 a3 19. h4 Qb7 20. Rh1 Rfd8 21. Bxf6 Bxf6 22. g5 Bg7 23. h5 1-0

[Event "POL Academic Cup 2nd"]
[Site "Wroclaw"]
[Date "2007.05.02"]
[Round "7"]
[White "Demianowicz, Maciej"]
[Black "Kucypera, Malgorzata"]
[Result "1-0"]
[WhiteElo "1990"]
[BlackElo "2045"]
[PlyCount "59"]
[EventDate "2007.04.28"]
[EventType "swiss"]
[EventRounds "9"]
[EventCountry "POL"]
[SourceTitle "EXT 2011"]
[Source "ChessBase"]
[SourceDate "2010.11.26"]
[SourceVersion "1"]
[SourceVersionDate "2010.11.26"]
[SourceQuality "1"]

1. e4 c5 2. Nf3 Nc6 3. d4 cxd4 4. Nxd4 e5 5. Nb3 h6 6. Nc3 Nf6 7. a3 d6 8. Bc4 Be7 9. 0-0 a6 10. Re1 0-0 11. a4 b6 12. h3 Qc7 13. Bd5 Rb8 14. Be3 b5 15. axb5 axb5 16. Qe2 Nxd5 17. Nxd5 Qd8 18. f4 f5 19. fxe5 Nxe5 20. exf5 Bxf5 21. Nxe7+ Qxe7 22. Bd4 Rfe8 23. Bxe5 dxe5 24. c3 Rb6 25. Qf2 Rf6 26. Ra7 Qd8 27. Qd2 Qd6 28. Qf2 Ref8 29. Qe3 Qd5 30. Nc5 1-0

[Event "POL Academic Cup 2nd"]
[Site "Wroclaw"]
[Date "2007.04.30"]
[Round "4"]
[White "Roszkowski, Rafal"]
[Black "Demianowicz, Maciej"]
[Result "1-0"]
[WhiteElo "2080"]
[BlackElo "1990"]
[PlyCount "43"]
[EventDate "2007.04.28"]
[EventType "swiss"]
[EventRounds "9"]
[EventCountry "POL"]
[SourceTitle "EXT 2011"]
[Source "ChessBase"]
[SourceDate "2010.11.26"]
[SourceVersion "1"]
[SourceVersionDate "2010.11.26"]
[SourceQuality "1"]

1. e4 c5 2. Nc3 Nc6 3. Bb5 e6 4. Bxc6 bxc6 5. f4 Nf6 6. Nf3 Be7 7. 0-0 0-0 8. d3 Rb8 9. b3 Qc7 10. Qe1 Rd8 11. Na4 Ba6 12. c4 d5 13. e5 dxc4 14. dxc4 Ng4 15. h3 Nh6 16. Qf2 Qa5 17. Bd2 Rxd2 18. Qxd2 Qc7 19. g4 Rb6 20. Nc3 Bc8 21. Rad1 Rb8 22. Qe3 1-0

[Event "Gdansk-chA 7th"]
[Site "Gdansk"]
[Date "2005.11.19"]
[Round "7"]
[White "Walkusz, Witoslaw"]
[Black "Demianowicz, Maciej"]
[Result "1-0"]
[WhiteElo "2220"]
[BlackElo "1987"]
[PlyCount "54"]
[EventDate "2005.11.05"]
[EventType "swiss"]
[EventRounds "9"]
[EventCountry "POL"]
[SourceTitle "EXT 2008"]
[Source "ChessBase"]
[SourceDate "2007.11.25"]
[SourceVersion "1"]
[SourceVersionDate "2007.11.25"]
[SourceQuality "1"]

1. e4 c5 2. Nf3 Nc6 3. Bb5 g6 4. 0-0 Bg7 5. Re1 Nf6 6. Nc3 0-0 7. e5 Ne8 8. Bxc6 dxc6 9. d3 Nc7 10. h3 Nd5 11. Ne4 b6 12. a4 a5 13. Ra3 Bf5 14. Ng3 Qd7 15. d4 Nb4 16. Nxf5 Qxf5 17. c3 Nd3 18. g4 Nxf2 19. gxf5 Nxd1 20. Rxd1 cxd4 21. Nxd4 Bxe5 22. Nxc6 Bd6 23. Rxd6 exd6 24. Bh6 gxf5 25. Ne7+ Kh8 26. Bxf8 Rxf8 27. Nxf5 Re8 1-0

[Event "Gdansk-chA 7th"]
[Site "Gdansk"]
[Date "2005.11.05"]
[Round "1"]
[White "Dlugosz, Jedrzej"]
[Black "Demianowicz, Maciej"]
[Result "1-0"]
[WhiteElo "2294"]
[BlackElo "1987"]
[PlyCount "55"]
[EventDate "2005.11.05"]
[EventType "swiss"]
[EventRounds "9"]
[EventCountry "POL"]
[SourceTitle "EXT 2008"]
[Source "ChessBase"]
[SourceDate "2007.11.25"]
[SourceVersion "1"]
[SourceVersionDate "2007.11.25"]
[SourceQuality "1"]

1. e4 e5 2. Nf3 d6 3. d4 Nd7 4. Bc4 c6 5. Nc3 Be7 6. a4 Ngf6 7. 0-0 0-0 8. Qe2 Qc7 9. Rd1 a6 10. Bg5 Re8 11. dxe5 dxe5 12. Bh4 h6 13. Bg3 Bf8 14. h3 a5 15. Nh4 Nc5 16. Ng6 Ne6 17. Bxe5 Qb6 18. Nxf8 Kxf8 19. Bxf6 gxf6 20. Bb3 Nd4 21. Qe3 Rd8 22. Qxh6+ Ke7 23. e5 fxe5 24. Ne4 Be6 25. Bxe6 Nxe6 26. Qf6+ Kf8 27. Nd6 Rxd6 28. Rxd6 1-0